Statistics for Spyro 2: Gateway to Glimmer/ Ripto's Rage: Levels

Click here to take the quiz!

General Stats

  • This quiz has been taken 167 times
  • The average score is 19 of 29

Answer Stats

RealmsAnswer% Correct
HomeworldsWinter Tundra
94%
First Homeworld RealmsGlimmer
90%
HomeworldsSummer Forest
90%
HomeworldsAutumn Plains
84%
HomeworldsDragon Shores
76%
First Homeworld RealmsIdol Springs
76%
First Homeworld RealmsHurricos
75%
First Homeworld RealmsColossus
73%
Second Homeworld RealmsZephyr
71%
First Homeworld RealmsSunny Beach
69%
Boss RealmsCrush's Dungeon
68%
Third Homeworld RealmsMetropolis
68%
Second Homeworld RealmsScorch
68%
First Homeworld RealmsAquaria Towers
66%
Third Homeworld RealmsRobotica Farms
64%
Second Homeworld RealmsFracture Hills
63%
Second Homeworld RealmsSkelos Badlands
63%
Second Homeworld RealmsMagma Cone
61%
Boss RealmsRipto's Arena
61%
Second Homeworld RealmsBreeze Harbour
60%
Third Homeworld RealmsMystic Marsh
58%
Boss RealmsGulp's Overlook
56%
SpeedwaysMetro Speedway
55%
Second Homeworld RealmsShady Oasis
55%
SpeedwaysIcy Speedway
51%
SpeedwaysOcean Speedway
51%
Third Homeworld RealmsCloud Temples
45%
SpeedwaysCanyon Speedway
44%
Second Homeworld RealmsCrystal Glacier
43%

Score Distribution

Percentile by Number Answered

Percent of People with Each Score

Your Score History

You have not taken this quiz